Southville International School and Colleges
Your cart is empty.
  • Cart
  • Lists
    Public lists Eva Luna New books Lux_list list_1
    Your lists Log in to create your own lists
  • Log in to your account
  • Your cookies
  • Search history
Southville International School and Colleges
  • Advanced search
  • Recent comments
  • Most popular
  • Libraries

Log in to your account

Log in with GOOGLE


If you do not have an external account, but do have a local account, you can still log in:

  1. Home
  2. MARC view: Edgar Allan Poe :
Normal view MARC view ISBD view

Edgar Allan Poe : (Record no. 368461)

[ view plain ]
MARC details
000 -LEADER
fixed length control field 01092nam a22002537a 4500
003 - CONTROL NUMBER IDENTIFIER
control field 0
005 - DATE AND TIME OF LATEST TRANSACTION
control field 20251104144926.0
008 - FIXED-LENGTH DATA ELEMENTS--GENERAL INFORMATION
fixed length control field 251104b xxu||||| |||| 00| 0 eng d
020 ## - INTERNATIONAL STANDARD BOOK NUMBER
International Standard Book Number 978-1-60710-314-1
050 ## - LIBRARY OF CONGRESS CALL NUMBER
Classification number PS 2600.G11
Item number .P6 2011
100 ## - MAIN ENTRY--PERSONAL NAME
Personal name Poe, edgar Allan,
Dates associated with a name 1809-1849,
Relator term author.
245 ## - TITLE STATEMENT
Title Edgar Allan Poe :
Remainder of title collected works : stories and poems /
Statement of responsibility, etc introduction by Adrienne J. Odasso, PhD.
250 ## - EDITION STATEMENT
Edition statement First Canterbury Classics edition.
260 ## - PUBLICATION, DISTRIBUTION, ETC. (IMPRINT)
Place of publication, distribution, etc San Diego, Calif. :
Name of publisher, distributor, etc Canterbury Classics,
Date of publication, distribution, etc 2011.
300 ## - PHYSICAL DESCRIPTION
Extent xix, 724 pages ;
Dimensions 24 cm.
500 ## - GENERAL NOTE
General note Includes introduction by Adrienne J. Odasso, PhD.<br/>Contains both short stories and poems by Edgar Allan Poe.<br/>Decorative bonded leather cover; gilt-edged pages and ribbon bookmark.
504 ## - BIBLIOGRAPHY, ETC. NOTE
Bibliography, etc Includes bibliographical references
600 ## - SUBJECT ADDED ENTRY--PERSONAL NAME
Personal name Poe, Edgar Allan,
Dates associated with a name 1809-1849
Form subdivision Collections.
650 ## - SUBJECT ADDED ENTRY--TOPICAL TERM
Topical term or geographic name as entry element Horror tales, American.
650 ## - SUBJECT ADDED ENTRY--TOPICAL TERM
Topical term or geographic name as entry element Gothic fiction (Literary genre), American.
650 ## - SUBJECT ADDED ENTRY--TOPICAL TERM
Topical term or geographic name as entry element American poetry
Chronological subdivision 19th century.
700 ## - ADDED ENTRY--PERSONAL NAME
Personal name Odasso, Adrienne J.,
Relator term writer of introduction.
942 ## - ADDED ENTRY ELEMENTS (KOHA)
Source of classification or shelving scheme Library of Congress Classification
Koha item type Books
Holdings
Withdrawn status Lost status Source of classification or shelving scheme Damaged status Home library Current library Shelving location Date acquired Source of acquisition Sub Shelving location Total Checkouts Full call number Barcode Date last seen Price effective from Koha item type
    Library of Congress Classification   Luxembourg Library Luxembourg Library High School Section 11/19/2024 Library Fund     PS 2600.G11 .P6 2011 21365 11/04/2025 11/04/2025 Books

Edgar Allan Poe :

APA

Poe e. A., Odasso A. J., . (2011). Edgar Allan Poe. San Diego, Calif: Canterbury Classics.

Chicago

Poe edgar Allan, Odasso Adrienne J, . 2011. Edgar Allan Poe. San Diego, Calif: Canterbury Classics.

Harvard

Poe e. A., Odasso A. J., . (2011). Edgar Allan Poe. San Diego, Calif: Canterbury Classics.

MLA

Poe edgar Allan, Odasso Adrienne J, . Edgar Allan Poe. San Diego, Calif: Canterbury Classics. 2011.

  • Place hold
  • Print
  • Cite
  • Add to your cart (remove)
  • Save record
    BIBTEX Dublin Core MARCXML MARC (non-Unicode/MARC-8) MARC (Unicode/UTF-8) MARC (Unicode/UTF-8, Standard) MODS (XML) RIS
  • More searches
    Search for this title in:
    Other Libraries (WorldCat) Other Databases (Google Scholar) Online Stores (Bookfinder.com) Open Library (openlibrary.org)

Exporting to Dublin Core...

SOUTHVILLE LIBRARY

Southville International School and Colleges Library

1281 Tropical Ave. Cor. Luxembourg St., BF Homes International, Las Pinas City

Tel. No. 8256374 / 252358 Loc. 117/146

Powered by Koha